00474 2200193 4500001002100000005001500021035002000036007000300056008004100059020002200100082001000122084001600132100001400148245004800162260002600210300001600236650001400252856001400266INLIS00000000000807220260112112045 a0010-0126000069ta260112 0 ind  a978-979-044-110-1 a618.2 a618.2 BAH b0 aBAHIYATUN1 aBUKU AJAR PSIKOLOGI IBU & ANAK /cBAHIYATUN aJAKARTA :bEGC,c2010 a173 ;c21cm 4aKebidanan akebidanan